| 000 | 00977nam a2200193 a 4500 | ||
|---|---|---|---|
| 008 | 120416s2003 xx |||||||||||||| || u | ||
| 050 | _aREF TD 145 Sal | ||
| 100 | _aSalvato, Joseph A | ||
| 245 | 1 | 0 | _aEnvironmental engineering |
| 250 | _a5th editio | ||
| 260 | _c2003 | ||
| 300 | _a: ill. | ||
| 350 | _a0.00 | ||
| 995 |
_aREFERENCE BOOKS _D0.00 _e736820 _FCBU-MAIN LIBRARY (Kitwe) _H1 _I35.95 _jTD 145 Sal _UAVAILABLE _y40272 _ZReference Collection |
||
| 995 |
_aREFERENCE BOOKS _D0.00 _e736823 _FCBU-MAIN LIBRARY (Kitwe) _H4 _I35.95 _jTD 145 Sal _UREFERENCE _y40267 _ZReference Collection |
||
| 995 |
_aREFERENCE BOOKS _D0.00 _e736822 _FCBU-MAIN LIBRARY (Kitwe) _H3 _I35.95 _jTD 145 Sal _UREFERENCE _y40265 _ZReference Collection |
||
| 995 |
_aREFERENCE BOOKS _D0.00 _e736824 _FCBU-MAIN LIBRARY (Kitwe) _H5 _I35.95 _jTD 145 Sal _UREFERENCE _y40268 _ZReference Collection |
||
| 995 |
_aREFERENCE BOOKS _D0.00 _e736821 _FCBU-MAIN LIBRARY (Kitwe) _H2 _I35.95 _jTD 145 Sal _UREFERENCE _y40270 _ZReference Collection |
||
| 999 |
_c62738 _d62738 |
||